Study reading A course in reading skills for academic purpose

Sparad:
Bibliografiska uppgifter
Huvudupphovsman: Eric H Glendinning
Materialtyp: Bok
Språk:Undetermined
Publicerad: Cambridge, UK Cambridge Univ. Press 1992
Ämnen:
Taggar: Lägg till en tagg
Inga taggar, Lägg till första taggen!
Thư viện lưu trữ: Trung tâm Học liệu Trường Đại học Cần Thơ
LEADER 00632nam a2200205Ia 4500
001 CTU_51878
008 210402s9999 xx 000 0 und d
020 |b 202000 
082 |a 808.042 
082 |b G558 
100 |a Eric H Glendinning 
245 0 |a Study reading 
245 2 |b A course in reading skills for academic purpose 
245 0 |c Eric H Glendinning and Beverly Holmstrom 
260 |a Cambridge, UK 
260 |b Cambridge Univ. Press 
260 |c 1992 
650 |a english language,english language 
650 |x textbooks for foreign speakers,readers 
980 |a Trung tâm Học liệu Trường Đại học Cần Thơ